El cerebro y el mito del yo : el papel de las neuronas en el pensamiento y el comportamiento humanos /
Shranjeno v:
| Glavni avtor: | |
|---|---|
| Drugi avtorji: | |
| Format: | Knjiga |
| Jezik: | španščina |
| Izdano: |
Bogotá, Colombia :
Norma,
2003, c2003
|
| Teme: | |
| Oznake: |
Brez oznak, prvi označite!
|
MARC
| LEADER | 00000nam^a2200000^a^4500 | ||
|---|---|---|---|
| 001 | 000154730 | ||
| 005 | 20250521000000.0 | ||
| 009 | 20260310100404.852 | ||
| 020 | |a 958-04-6798-6 | ||
| 037 | |a Acervo ITESO - Biblioteca | ||
| 041 | |a ESP | ||
| 082 | |a 612. 8 |b LLI | ||
| 100 | |a Llinás, Rodolfo R. |e (autor) | ||
| 245 | 1 | 3 | |a El cerebro y el mito del yo : |b el papel de las neuronas en el pensamiento y el comportamiento humanos / |c R.R. Llinás ; pról. de G. García Márquez ; tr. por Eugenia Guzmán. |
| 264 | 4 | |a Bogotá, Colombia : |b Norma, |c 2003, c2003 | |
| 300 | |a XVI, 348 p. | ||
| 336 | |a texto |b txt |2 rdacontenido | ||
| 337 | |a sin mediación |b n |2 rdamedio | ||
| 338 | |a volumen |b nc |2 rdasoporte | ||
| 500 | |a Traducción de: I of the Vortex: From Neurons to Self | ||
| 649 | |a XX | ||
| 650 | |a Oscilaciones | ||
| 650 | |a Pensamiento | ||
| 650 | |a Aprendizaje | ||
| 650 | |a Memoria | ||
| 650 | |a Lenguaje y Pensamiento | ||
| 650 | |a Psicología Cognitiva | ||
| 650 | |a Psicomotricidad | ||
| 650 | |a Percepción | ||
| 650 | |a Redes Neurales | ||
| 650 | |a Cerebro | ||
| 650 | |a Neurociencias | ||
| 650 | |a Psicología Fisiológica | ||
| 650 | |a Fisiología | ||
| 650 | |a Ciencias Médicas | ||
| 700 | |a García Márquez, Gabriel |e (prólogo) | ||
| 910 | |a Fondo General | ||
| 920 | |a Impresos - Libros | ||
| 930 | |a Colección General | ||
| 905 | |a 101 | ||
| 901 | |a 0500086283 |b IT1 |c ACC |u 20250521 | ||
| 902 | |a https://opac.biblio.iteso.mx/vufind/Record/000154730 | ||